Skip to content
Welcome to University of Aberdeen, Mumbai
Home
English
Deutsch
Español
Français
Italiano
日本語
Nederlands
Português
Português (Brasil)
中文(简体)
中文(繁體)
Türkçe
עברית
Gaeilge
Cymraeg
Ελληνικά
Català
Euskara
Русский
Čeština
Suomi
Svenska
polski
Dansk
slovenščina
اللغة العربية
বাংলা
Galego
Tiếng Việt
Hrvatski
हिंदी
Հայերէն
Українська
Sámegiella
Монгол
Māori
Sign In
全文檢索
題名
作者
主題
索引號
ISBN/ISSN
標簽
檢索
高級檢索
Mathematics for Machine Learni...
引用
發送短信
推薦此
打印
導出紀錄
導出到 RefWorks
導出到 EndNoteWeb
導出到 EndNote
加到收藏夾
Permanent link
Mathematics for Machine Learning
Saved in:
書目詳細資料
主要作者:
peter deisenroth
格式:
圖書
出版:
CUP
標簽:
添加標簽
沒有標簽, 成為第一個標記此記錄!
持有資料
實物特徵
您的評論
相似書籍
職員瀏覽
MARC
LEADER
00000nam a2200000Ia 4500
005
20260515061619.0
100
|a
peter deisenroth
020
|a
9781009108850
942
|c
BK
245
|a
Mathematics for Machine Learning
260
|b
CUP
999
|c
95
|d
95
952
|0
0
|1
0
|4
0
|7
0
|a
ABDN
|b
ABDN
|d
2026-05-15
|l
0
|p
000052
|r
2026-05-15 06:16:19
|w
2026-05-15
|y
BK
相似書籍
Bayesian reasoning and machine learning
由: Barber, David
Journal of Geophysical Research: Machine Learning and Computation
出版: (2025)
Data mining : practical machine learning tools and techniques
由: Witten, I. H.
Application of Big Data Mining, Machine Learning and Artificial Intelligence in Ore Deposits
出版: (2026)
Forum of Mathematics, Pi
出版: (2017)